MARC

LEADER 00000nam0a2200000 4500
001 127378
005 20250827122326.0
010 |a 5278001364 
035 |a (RuTPU)RU\TPU\book\137793 
090 |a 127378 
100 |a 20071213d1990 m y0rusy5003 ca 
101 0 |a rus 
102 |a RU 
105 |a a z 000zb 
200 1 |a Молот на рекордной орбите  |f Е. Б. Чен 
210 |a Москва  |c Физкультура и спорт  |d 1990 
215 |a 191 с.  |c ил. 
225 1 |a Сердца, отданные спорту 
333 |a Исключено из фонда НТБ ТПУ 
600 1 |a Седых  |b Ю. Г.  |g Юрий Георгиевич 
610 1 |a спорт 
610 1 |a легкая атлетика 
610 1 |a рекордсмены 
610 1 |a Олимпийские игры 
610 1 |a биографии 
610 1 |a метание молота 
675 |a 796 
700 1 |a Чен  |b Е. Б.  |g Евгений Бернардович  |4 070 
801 0 |a RU  |b RuMRKP  |c 19950417  |g psbo 
801 1 |a RU  |b 63413507  |c 20071213  |g PSBO 
801 2 |a RU  |b 63413507  |c 20071213  |g PSBO 
942 |c BK